| 000 | 00603 a2200241 4500 | ||
|---|---|---|---|
| 005 | 20260129111852.0 | ||
| 008 | 260128b |||||||| |||| 00| 0 eng d | ||
| 020 |
_a9780071326414 _c$ 39.95 |
||
| 040 | _aMAIN | ||
| 082 |
_a595.7 _bS53F(9) |
||
| 100 | _aSchmidt, Gerald D | ||
| 245 | _aFoundations of parasitology | ||
| 250 | _a9th | ||
| 260 |
_b McGraw Hill _c2013 _aNew York |
||
| 300 | _axvii, 670 | ||
| 650 | _aZoology | ||
| 650 | _aMedical parasitology | ||
| 650 | _aProtozoology | ||
| 700 | _aRoberts, Larry S | ||
| 700 | _aJanovy John Jr | ||
| 700 | _aNadler, Steve | ||
| 942 | _cBK | ||
| 999 |
_c393780 _d393780 |
||